banner-ar

تاريخ الفكر السياسى: (Record no. 59153)

MARC details
000 -الفاتح
حقل البيانات ثابتة الطول 00684nam a2200169Ia 4500
005 - وقت وتاريخ اخر تعامل مع التسجيلة
رقم الضبط 20240530110153.0
008 - عناصر البيانات ثابتة الطول - معلومات عامة
حقل البيانات ثابتة الطول 140319s9999 xx 000 0 ara d
040 ## - مصدر الفهرسة
وكالة الفهرسة الأصلية GCL /
وكالة النسخ GCL
082 04 - رقم تصنيف ديوى العشرى
رقم التصنيف 320.101/
رقم المادة ش ت
100 1# - المدخل الرئيسى - إسم شخصى
رمز الرابط شوفالييه، جاك جان
245 10 - بيان العنوان
العنوان تاريخ الفكر السياسى:
بقية العنوان من الدولة القومية الى الدولة الامية /
بيان المسئوليه,etc جان جاك شوفالييه ؛ ترجمة محمد عرب صاصيلا
260 ## - PUBLICATION, DISTRIBUTION, ETC. (IMPRINT)
تاريخ النشر أو التوزيع 1991
300 ## - الوصف المادى
التعداد 248 ص
700 0# - المدخل الاضافى - اسم شخصى
رمز الرابط محمد عرب صاصيلا
الدور مترجم
942 ## - عناصر المدخل الإضافي( كوها)
مصدر التصنيف او مخطط الترفيف Dewey Decimal Classification
Koha [default] item type كتاب
260 ## - PUBLICATION, DISTRIBUTION, ETC. (IMPRINT)
-- بيروت:
-- المؤسسة الجامعية للدراسات والنشر والتوزيع ،
Holdings
حالة التراجع حالة الفقد حالة تلف ليس للاعارة المكان المؤقت الموقع الحالى تاريخ الاكتساب اجمالي اﻻعارات رقم الطلب الباركود تاريخ اخر مشاهدة تاريخ تفعيل السعر نوع وعاء كوها
        مكتبة القاهرة الكبرى مكتبة القاهرة الكبرى 03/26/2014   320.101\ش ت 153413 03/26/2014 03/26/2014 كتاب
        مكتبة القاهرة الكبرى مكتبة القاهرة الكبرى 03/26/2014   320.101\ش ت 153414 03/26/2014 03/26/2014 كتاب

Powered By

EGPV